Europe in the global age

Guardado en:
Detalles Bibliográficos
Autor principal: Giddens, Anthony
Formato: Libro
Lenguaje:inglés
Publicado: Cambridge Polity Press 2007
Materias:
Etiquetas: Agregar Etiqueta
Sin Etiquetas, Sea el primero en etiquetar este registro!

MARC

LEADER 00000nam$a2200000$$$4500
001 0105107
005 20240312115626.1
020 |a 978-0-7456-4011-2 
041 0 |a eng 
044 |a GB 
245 1 0 |a Europe in the global age  |c Anthony Giddens 
264 1 |a Cambridge  |b Polity Press  |c 2007 
300 |a 246 s. 
610 2 0 |a politika sociálna 
610 2 0 |a modely 
610 2 0 |a reformy 
610 2 0 |a inovácia 
610 2 0 |a spravodlivosť sociálna 
610 2 0 |a zabezpečenie sociálne 
610 2 0 |a štýl životný 
610 2 0 |a prognózy 
610 2 0 |a Európa 
100 1 |a Giddens, Anthony